000
00329nam a2200133Ia 4500
005
20251222143314.0
008
251222s9999||||xx |||||||||||||| ||spa||
020
_a
84-7020-198-0
082
_a
270/L12
100
_a
Laboa, Juan MarĂa
245
0
_a
La larga marcha de la Iglesia
264
_b
Biblioteca XX Siglos
942
_c
LIB
999
_c
15813
_d
15813